Súčasné trendy v marketingovej komunikácii

Identifikácia, analýza a klasifikácia foriem a metód marketingovej komunikácie v rámci tzv. inbound marktingu.

Saved in:
Bibliographic Details
Main Author: Špirko, Dušan
Other Authors: Janáková, Hana
Format: Book Chapter
Language:Slovak
Subjects:
Tags: Add Tag
No Tags, Be the first to tag this record!

MARC

LEADER 00000naa a2200000 4500
001 0250049
005 20220718112206.5
041 0 |a slo 
044 |a SK 
245 1 0 |a Súčasné trendy v marketingovej komunikácii  |c Dušan Špirko, Hana Janáková 
520 |a Identifikácia, analýza a klasifikácia foriem a metód marketingovej komunikácie v rámci tzv. inbound marktingu. 
610 2 0 |a komunikácia marketingová 
610 2 0 |a nástroje marketingové 
610 2 0 |a stratégia marketingová 
100 1 |a Špirko, Dušan 
700 1 |a Janáková, Hana